000 00419nam a2200145 a 4500
001 000032892
005 20200930065909.0
008 110801m19321935dr 000 0 spa d
040 _aDO-SdBNP
_bspa
_cBNPHU
082 _axxx
_bH632n
100 1 _aHidalgo, Gladio
_958661
245 1 4 _aLos nocturnos del acaso /
_cGladio Hidalgo.
260 _aSanto Domingo :
_bImprenta Femina,
_c1932-
_c1935.
300 _a[42 p.] ;
_c18 cm.
999 _c32383
_d32383